Operations research: (Record no. 15143)

MARC details
000 -LEADER
fixed length control field 05606 a2200637 4500
005 - DATE AND TIME OF LATEST TRANSACTION
control field 20080827150323.0
008 - FIXED-LENGTH DATA ELEMENTS--GENERAL INFORMATION
fixed length control field 080827t xxu||||| |||| 00| 0 eng d
010 ## - LIBRARY OF CONGRESS CONTROL NUMBER
LC control number B-275496-528
020 ## - INTERNATIONAL STANDARD BOOK NUMBER
International Standard Book Number 8170146054
Terms of availability 325.00
035 ## - SYSTEM CONTROL NUMBER
System control number B-275496-528
040 ## - CATALOGING SOURCE
Original cataloging agency dpl
Language of cataloging English
082 ## - DEWEY DECIMAL CLASSIFICATION NUMBER
Classification number 003
100 ## - MAIN ENTRY--PERSONAL NAME
Personal name Kapoor, V.K.
245 ## - TITLE STATEMENT
Title Operations research:
Statement of responsibility, etc by V.K. Kapoor
Remainder of title problems & solutions /
250 ## - EDITION STATEMENT
Edition statement 4th rev. ed
260 ## - PUBLICATION, DISTRIBUTION, ETC. (IMPRINT)
Place of publication, distribution, etc New Delhi
Name of publisher, distributor, etc Sultan Chand & Sons
Date of publication, distribution, etc 2007(repr.).
270 ## - ADDRESS
Address 23, Darya Ganj,
City New Delhi
Postal code 110 002
300 ## - PHYSICAL DESCRIPTION
Extent Various pagings
Dimensions 24cm (pbk )
942 ## - ADDED ENTRY ELEMENTS (KOHA)
Institution code [OBSOLETE] dpl
Koha item type English Books
Source of classification or shelving scheme Dewey Decimal Classification
Classification part 003
Call number suffix KAP
Holdings
Withdrawn status Lost status Damaged status Not for loan Collection code Home library Current library Date acquired Source of acquisition Cost, normal purchase price Total Checkouts Full call number Barcode Date last seen Copy number Cost, replacement price Price effective from Koha item type Public note Total Renewals Date checked out Source of classification or shelving scheme
        Non-fiction Andrews Gunj Andrews Gunj 03/09/2008   325.00   003 KAP B-275510 15/09/2008 1 325.00 15/09/2008 English Books        
        Non-fiction Bagh Kadhe Khan Bagh Kadhe Khan 03/09/2008   325.00   003 KAP B-275515 15/09/2008 1 325.00 15/09/2008 English Books        
        Non-fiction Bawana Bawana 03/09/2008   325.00 1 003 KAP B-275517 28/05/2019 1 325.00 15/09/2008 English Books     21/05/2019  
        Non-fiction Central Jail Tihar Central Jail Tihar 03/09/2008   325.00   003 KAP B-275505 15/09/2008 1 325.00 15/09/2008 English Books        
        Non-fiction Central Library Central Library 27/08/2008 Sultan Chand & Sons/27912/7.6.08/93/16.5.08/20.6.08 325.00   003 KAP B-275496 15/09/2008 1 325.00 15/09/2008 English Books Legal Case (Register No. 26)      
        Non-fiction Diz Area Diz Area 03/09/2008   325.00 2 003 KAP B-275506 24/05/2019 1 325.00 15/09/2008 English Books   3 25/04/2019  
        Non-fiction Kadipur Kadipur 03/09/2008   325.00   003 KAP B-275520 15/09/2008 1 325.00 15/09/2008 English Books        
        Non-fiction Karol Bagh Karol Bagh 03/09/2008   325.00   003 KAP B-275513 15/09/2008 1 325.00 15/09/2008 English Books        
        Non-fiction Kasturba Gandhi Marg Kasturba Gandhi Marg 03/09/2008   325.00 1 003 KAP B-275502 05/12/2018 1 325.00 15/09/2008 English Books   2 23/10/2018  
        Non-fiction Katevara Katevara 03/09/2008   325.00   003 KAP B-275518 15/09/2008 1 325.00 15/09/2008 English Books        
        Non-fiction Mobile Library Mobile Library 03/09/2008   325.00   003 KAP B-275497 15/09/2008 3 325.00 15/09/2008 English Books        
        Non-fiction Mobile Library Mobile Library 03/09/2008   325.00   003 KAP B-275498 15/09/2008 3 325.00 15/09/2008 English Books        
        Non-fiction Mobile Library Mobile Library 03/09/2008   325.00   003 KAP B-275499 15/09/2008 3 325.00 15/09/2008 English Books        
        Non-fiction Mundaka Mundaka 03/09/2008   325.00   003 KAP B-275519 15/09/2008 1 325.00 15/09/2008 English Books        
        Non-fiction Narela Narela 03/09/2008   325.00   003 KAP B-275516 15/09/2008 1 325.00 15/09/2008 English Books        
        Non-fiction Netaji Nagar Netaji Nagar 03/09/2008   325.00   003 KAP B-275512 15/09/2008 1 325.00 15/09/2008 English Books        
        Non-fiction New Police Line New Police Line 03/09/2008   325.00   003 KAP B-275500 15/09/2008 1 325.00 15/09/2008 English Books        
        Non-fiction New Rajendra Nagar New Rajendra Nagar 03/09/2008   325.00   003 KAP B-275507 15/09/2008 1 325.00 15/09/2008 English Books        
        Non-fiction New Rohtak Road New Rohtak Road 03/09/2008   325.00   003 KAP B-275514 15/09/2008 1 325.00 15/09/2008 English Books        
        Non-fiction Patel Nagar Patel Nagar 03/09/2008   325.00   003 KAP B-275501 15/09/2008 1 325.00 15/09/2008 English Books        
        Non-fiction Peshwa Road Peshwa Road 03/09/2008   325.00   003 KAP B-275503 15/09/2008 1 325.00 15/09/2008 English Books        
        Non-fiction R.C.Libraries (BL-I) R.C.Libraries (BL-I) 04/09/2008   325.00   003 KAP B-275522 15/09/2008 2 325.00 15/09/2008 English Books        
        Non-fiction R.C.Libraries (BL-I) R.C.Libraries (BL-I) 04/09/2008   325.00   003 KAP B-275523 15/09/2008 2 325.00 15/09/2008 English Books        
        Non-fiction R.C.Libraries (BL-III) R.C.Libraries (BL-III) 04/09/2008   325.00   003 KAP B-275524 15/09/2008 5 325.00 15/09/2008 English Books        
        Non-fiction R.C.Libraries (BL-III) R.C.Libraries (BL-III) 04/09/2008   325.00   003 KAP B-275525 15/09/2008 5 325.00 15/09/2008 English Books        
        Non-fiction R.C.Libraries (BL-III) R.C.Libraries (BL-III) 04/09/2008   325.00   003 KAP B-275526 15/09/2008 5 325.00 15/09/2008 English Books        
        Non-fiction R.C.Libraries (BL-III) R.C.Libraries (BL-III) 04/09/2008   325.00   003 KAP B-275527 15/09/2008 5 325.00 15/09/2008 English Books        
        Non-fiction R.C.Libraries (BL-III) R.C.Libraries (BL-III) 04/09/2008   325.00   003 KAP B-275528 15/09/2008 5 325.00 15/09/2008 English Books        
        Non-fiction R.K.Puram-8 R.K.Puram-8 03/09/2008   325.00   003 KAP B-275509 15/09/2008 1 325.00 15/09/2008 English Books        
        Non-fiction Sarojini Nagar Sarojini Nagar 03/09/2008   325.00   003 KAP B-275508 15/09/2008 1 325.00 15/09/2008 English Books        
        Non-fiction Shahdara Branch Shahdara Branch 04/09/2008   325.00   003 KAP B-275521 15/09/2008 1 325.00 15/09/2008 English Books        
        Non-fiction Sriniwas Puri Sriniwas Puri 03/09/2008   325.00   003 KAP B-275511 15/09/2008 1 325.00 15/09/2008 English Books        
Written off       Non-fiction Tri Nagar Tri Nagar 03/09/2008   325.00   003 KAP B-275504 15/09/2008 1 325.00 15/09/2008 English Books       Dewey Decimal Classification
        Non-fiction Vinoba Puri Vinoba Puri 04/09/2008 Sultan Chand /28236 /5.08.08 /169 /21.07.08 /13.08.08 / 325.00 23 003 KAP B-284579 29/06/2015 1 325.00 15/09/2008 English Books   3 15/06/2015  

© Delhi Public Library
Hit Counter
free hit counter